লোডিং...

Mahila upanyaskar: ek mulyankan/

গ্রন্থ-পঞ্জীর বিবরন
প্রধান লেখক: Esharat Khan
বিন্যাস: Printed Book
প্রকাশিত: Kanpur: Vidhya Prakashan, 2014.
বিষয়গুলি:
LEADER 00614nam a22001817a 4500
020 |a 9781934293065 
082 |a H300 9  |b ESH/M 
100 |a Esharat Khan 
245 |a Mahila upanyaskar:  |b ek mulyankan/  |c by Esharat Khan. 
260 |a Kanpur:  |b Vidhya Prakashan,  |c 2014. 
300 |a 128p..... 
650 |a Novel Hindi Criticism 
650 |a Women Novelists Hindi 
650 |a Literature Hindi 
650 |a Literature 
942 |c BK 
999 |c 58962  |d 58962 
952 |0 0  |1 0  |4 0  |6 H_300_900000000000000_ESH_M  |7 0  |9 82328  |a SSUS  |b SSUS  |c STACKS  |d 2016-02-23  |g 320.00  |l 8  |m 1  |o H300 9 ESH/M  |p 080666  |r 2020-01-28  |s 2020-01-15  |w 2016-02-23  |y BK